000 01061nab a2200277 u 4500
001 02741
003 HDC
007 cr bn ---
008 201218p2012 xx n |0 may
040 _aHDC
100 _aMOHD NAZRI ABDUL RAHMAN,
_eauthor
_9598
245 0 _aKAKI AYAM: SUMBER GELATIN HALAL /
_cby MOHD NAZRI ABDUL RAHMAN and SHARIFFAH AZZAINURFINA SYED KHAIR AZLAN JAMALULAIL
260 _a[No Place] :
_b[publisher not identified],
_c2012
300 _a1 online resource (6 pages) :
_billustrations (some colour)
336 _atext
_2rdacontent
337 _acomputer
_2rdamedia
338 _aonline resource
_2rdacarrier
650 _aFood
_xReligious aspects
_xIslam
_9239
650 _aGelatin
_9599
650 _aHalal food
_950
700 _aSHARIFFAH AZZAINURFINA SYED KHAIR AZLAN JAMALULAIL,
_eauthor
_9600
856 _zRequest full-text at [email protected]
942 _2lcc
942 _cAR
942 _kJART 001551
999 _c128
_d128